[Event "Europa ch s-18 femenino"]
[Site "Herceg Novi MNT"]
[Date "2008.09.17"]
[Round "3.12"]
[White "Purgar, Ivona"]
[Black "Ni, Viktorija"]
[Result "0-1"]
[WhiteElo "2026"]
[BlackElo "2129"]
[PlyCount "70"]
[EventDate "2008.09.15"]
[EventType "swiss"]
[EventRounds "9"]
[Source "lmi"]
[SourceDate "2008.09.15"]

1. e4 c5 2. Nf3 e6 3. d4 cxd4 4. Nxd4 a6 5. Bd3 Bc5 6. Nb3 Ba7 7. Qe2 Nc6 8.
Nc3 d6 9. Be3 Nge7 10. O-O-O O-O 11. f4 Qc7 12. g4 b5 13. Bxa7 Rxa7 14. Qe3 b4
15. Na4 a5 16. Rhe1 Ng6 17. f5 Nge5 18. f6 Nxg4 19. Qg5 Nxf6 20. Rg1 Ne8 21.
Bb5 Ba6 22. Bxa6 Rxa6 23. Nd4 Nxd4 24. Rxd4 e5 25. Rd2 Qc6 26. b3 Qxe4 27. Rg4
Qf3 28. Rdg2 f5 29. Rh4 d5 30. Rg3 Qf1+ 31. Kb2 Re6 32. Qh5 Nf6 33. Qg5 Rf7 34.
Rg2 d4 35. Rh3 e4 0-1

[Event "Europa ch s-18 femenino"]
[Site "Herceg Novi MNT"]
[Date "2008.09.17"]
[Round "3.13"]
[White "Manyoki, Anna"]
[Black "Chiarion, Elisa"]
[Result "1-0"]
[WhiteElo "2053"]
[BlackElo "1897"]
[PlyCount "83"]
[EventDate "2008.09.15"]
[EventType "swiss"]
[EventRounds "9"]
[Source "lmi"]
[SourceDate "2008.09.15"]

1. e4 c5 2. Nf3 d6 3. d4 cxd4 4. Nxd4 Nf6 5. Nc3 g6 6. Be3 Bg7 7. f3 Nc6 8. Qd2
O-O 9. O-O-O d5 10. Kb1 e5 11. Nxc6 bxc6 12. exd5 Nxd5 13. Nxd5 cxd5 14. Qxd5
Qc7 15. Qc5 Qb8 16. Qd6 Qb7 17. Bc4 Rb8 18. b3 Bf5 19. Ba6 Qa8 20. Qd5 Qxd5 21.
Rxd5 Rfe8 22. Rhd1 e4 23. Bf4 Rb6 24. Rd8 Rbe6 25. g4 Bxg4 26. fxg4 e3 27.
Rxe8+ Rxe8 28. Be2 Bc3 29. Rd7 Kg7 30. Kc1 Re4 31. Bg3 a5 32. Kd1 Kf8 33. Bf3
Re8 34. Rd3 Bb4 35. Be1 Bc5 36. Bxa5 Kg7 37. Bc3+ Kf8 38. Bd4 Bd6 39. h3 Bf4
40. Ke2 Rc8 41. c4 f5 42. Bxe3 1-0

[Event "Europa ch s-18 femenino"]
[Site "Herceg Novi MNT"]
[Date "2008.09.17"]
[Round "3.14"]
[White "Veleska, Viktorija"]
[Black "Mareckova, Martina"]
[Result "0-1"]
[WhiteElo "1700"]
[BlackElo "2042"]
[PlyCount "72"]
[EventDate "2008.09.15"]
[EventType "swiss"]
[EventRounds "9"]
[Source "lmi"]
[SourceDate "2008.09.15"]

1. e4 e5 2. Nf3 Nc6 3. d4 exd4 4. Bc4 Bc5 5. Ng5 Nh6 6. Nxf7 Nxf7 7. Bxf7+ Kxf7
8. Qh5+ g6 9. Qxc5 d6 10. Qa3 Be6 11. O-O Re8 12. Nd2 Kg7 13. f4 Qf6 14. Qg3
Kh8 15. c3 d5 16. e5 Qf5 17. Nf3 dxc3 18. bxc3 Qd3 19. Qh4 Qxc3 20. Bd2 Qc5+
21. Kh1 Qe7 22. Ng5 d4 23. Rf3 Rad8 24. Qf2 Rf8 25. Rb1 Bd5 26. Rg3 Nxe5 27.
Re1 Qf6 28. Qe2 Nc4 29. Rh3 Rd7 30. Bb4 Nd6 31. Bxd6 Qxd6 32. Qg4 Qxf4 33. Qxf4
Rxf4 34. Re8+ Bg8 35. Kg1 d3 36. Rd8 Rxd8 0-1

[Event "Europa ch s-18 femenino"]
[Site "Herceg Novi MNT"]
[Date "2008.09.17"]
[Round "3.18"]
[White "Kirpichenko, Ekaterina"]
[Black "Topic, Jelena"]
[Result "0-1"]
[WhiteElo "2026"]
[BlackElo "1866"]
[PlyCount "110"]
[EventDate "2008.09.15"]
[EventType "swiss"]
[EventRounds "9"]
[Source "lmi"]
[SourceDate "2008.09.15"]

1. e4 c5 2. b3 Nc6 3. Nc3 e6 4. Nf3 e5 5. Bc4 Be7 6. Bb2 Nf6 7. d3 O-O 8. Qd2
d6 9. O-O-O a6 10. Nd5 Be6 11. Nxe7+ Qxe7 12. Bxe6 fxe6 13. h4 b5 14. h5 a5 15.
h6 g6 16. c3 b4 17. c4 a4 18. Qc2 a3 19. Ba1 Nd8 20. Qd2 Ng4 21. Rdf1 Nf7 22.
Ne1 Qg5 23. f4 exf4 24. Nf3 Qe7 25. Qxf4 Nfe5 26. Qd2 Nxf3 27. gxf3 Nf6 28. f4
e5 29. Qg2 Kh8 30. Qg5 Rae8 31. Rh3 Rf7 32. Rhf3 Ng8 33. Qxe7 Rfxe7 34. fxe5
dxe5 35. Rh3 Re6 36. Kd2 Rf6 37. Rxf6 Nxf6 38. Rg3 Kg8 39. Ke2 Kf7 40. Rg5 Nd7
41. Rg3 Ke6 42. Kf2 Rf8+ 43. Kg2 Rf4 44. Rh3 Nf6 45. Kg1 Nh5 46. Re3 Rg4+ 47.
Kf1 Nf4 48. Rf3 Rh4 49. Kg1 g5 50. Re3 g4 51. Kf2 Rh2+ 52. Kg1 Rxa2 53. Re1 Rd2
54. Kh1 Nxd3 55. Rf1 Nf4 0-1

[Event "Europa ch s-18 femenino"]
[Site "Herceg Novi MNT"]
[Date "2008.09.17"]
[Round "3.19"]
[White "Dincel, Melodi"]
[Black "Exler, Veronika"]
[Result "0-1"]
[WhiteElo "1845"]
[BlackElo "2011"]
[PlyCount "114"]
[EventDate "2008.09.15"]
[EventType "swiss"]
[EventRounds "9"]
[Source "lmi"]
[SourceDate "2008.09.15"]

1. c4 e5 2. Nc3 Nf6 3. g3 Bb4 4. Bg2 O-O 5. Qc2 Re8 6. e3 c6 7. a3 Bxc3 8. bxc3
d5 9. cxd5 cxd5 10. Ne2 Bg4 11. d3 Nc6 12. h3 Bh5 13. O-O Rc8 14. Qd2 Na5 15.
g4 Bg6 16. Qd1 h5 17. g5 Nh7 18. f4 exf4 19. exf4 f5 20. h4 Bf7 21. Bd2 Nf8 22.
Nd4 g6 23. Rb1 Ne6 24. Nxe6 Rxe6 25. Re1 b6 26. Rxe6 Bxe6 27. Qe2 Qd6 28. Re1
Kf7 29. Qe5 Qxe5 30. Rxe5 Nb3 31. Be1 d4 32. c4 Nc5 33. Bf1 a5 34. Bf2 Rd8 35.
Re1 Rd6 36. Rb1 Bd7 37. Kg2 Ba4 38. Rb2 Ke7 39. Kg3 Kd7 40. Rd2 b5 41. cxb5
Bxb5 42. Bg1 a4 43. Bf2 Nb3 44. Rc2 Rc6 45. Rxc6 Kxc6 46. Be1 Kd5 47. Bg2+ Ke6
48. Bf1 Nc1 49. Bg2 Nxd3 50. Bd2 Nc5 51. Kf2 Ne4+ 52. Ke1 Nxd2 53. Kxd2 Kd6 54.
Bb7 Kc5 55. Bc8 Kd5 56. Ke1 Ke4 57. Be6 Be8 0-1

[Event "Europa ch s-18 femenino"]
[Site "Herceg Novi MNT"]
[Date "2008.09.17"]
[Round "3.20"]
[White "Vladimirova, Maria"]
[Black "Farevaag, Evy"]
[Result "1-0"]
[WhiteElo "2009"]
[BlackElo "1771"]
[PlyCount "43"]
[EventDate "2008.09.15"]
[EventType "swiss"]
[EventRounds "9"]
[Source "lmi"]
[SourceDate "2008.09.15"]

1. e4 c6 2. d4 d5 3. Nc3 dxe4 4. Nxe4 Bf5 5. Ng3 Bg6 6. Nf3 e6 7. Ne5 Ne7 8.
Nxg6 Nxg6 9. Be3 Qa5+ 10. c3 Bd6 11. Ne4 Be7 12. Bd3 O-O 13. h4 Nxh4 14. Kf1
Nd7 15. g3 Ng6 16. b4 Qd8 17. Qh5 f5 18. Bc4 Kf7 19. Qxf5+ Ke8 20. Qxe6 Qc7 21.
Rxh7 Nh8 22. Rxg7 1-0

[Event "Europa ch s-18 femenino"]
[Site "Herceg Novi MNT"]
[Date "2008.09.17"]
[Round "3.21"]
[White "Tonel, Giulia"]
[Black "Naydenova, Yordanka"]
[Result "1-0"]
[WhiteElo "1983"]
[BlackElo "1807"]
[PlyCount "49"]
[EventDate "2008.09.15"]
[EventType "swiss"]
[EventRounds "9"]
[Source "lmi"]
[SourceDate "2008.09.15"]

1. e4 e5 2. f4 Bc5 3. Nf3 d6 4. c3 Nc6 5. d4 exd4 6. cxd4 Bb4+ 7. Bd2 Bxd2+ 8.
Qxd2 Nf6 9. Nc3 O-O 10. Bd3 Nb4 11. Bb1 Re8 12. O-O c6 13. a3 Na6 14. Qd3 g6
15. f5 d5 16. fxg6 hxg6 17. e5 Bf5 18. Qd2 Ne4 19. Qh6 f6 20. Nh4 Kf7 21. Qh7+
Ke6 22. Nxf5 gxf5 23. Qxf5+ Ke7 24. Qh7+ Ke6 25. Nxe4 1-0

[Event "Europa ch s-18 femenino"]
[Site "Herceg Novi MNT"]
[Date "2008.09.17"]
[Round "3.22"]
[White "Balcaite, Agne"]
[Black "Braggaar, Leonore"]
[Result "0-1"]
[WhiteElo "1830"]
[BlackElo "1967"]
[PlyCount "32"]
[EventDate "2008.09.15"]
[EventType "swiss"]
[EventRounds "9"]
[Source "lmi"]
[SourceDate "2008.09.15"]

1. e4 e5 2. Nf3 Nc6 3. d4 exd4 4. Nxd4 Bc5 5. Nxc6 bxc6 6. Bd3 d6 7. O-O Ne7 8.
Kh1 O-O 9. c3 f5 10. Nd2 a5 11. exf5 Bxf5 12. Bxf5 Rxf5 13. Ne4 Bb6 14. f3 Ng6
15. Re1 Rh5 16. Ng3 Rxh2+ 0-1

[Event "Europa ch s-18 femenino"]
[Site "Herceg Novi MNT"]
[Date "2008.09.17"]
[Round "3.24"]
[White "Di Cerbo, Giulia"]
[Black "Vasile, Teodora"]
[Result "1/2-1/2"]
[WhiteElo "1795"]
[BlackElo "1932"]
[PlyCount "49"]
[EventDate "2008.09.15"]
[EventType "swiss"]
[EventRounds "9"]
[Source "lmi"]
[SourceDate "2008.09.15"]

1. d4 d6 2. Nf3 Nf6 3. Bg5 Nbd7 4. Nbd2 c6 5. c3 Qc7 6. e4 e6 7. Bd3 Be7 8. Qe2
e5 9. O-O O-O 10. Nh4 h6 11. Nf5 Nb6 12. Nxe7+ Qxe7 13. Bh4 g5 14. Bg3 Bg4 15.
f3 Bd7 16. dxe5 dxe5 17. Bf2 Na4 18. Nc4 b5 19. Ne3 Rfd8 20. Qc2 Be6 21. b3 Nc5
22. Be2 h5 23. Nf5 Bxf5 24. exf5 e4 25. Bd4 1/2-1/2

[Event "Europa ch s-18 femenino"]
[Site "Herceg Novi MNT"]
[Date "2008.09.17"]
[Round "3.26"]
[White "Dvoranova, Maria"]
[Black "Finnbogadottir, Tinna Kristin"]
[Result "1-0"]
[WhiteElo "1891"]
[BlackElo "1655"]
[PlyCount "65"]
[EventDate "2008.09.15"]
[EventType "swiss"]
[EventRounds "9"]
[Source "lmi"]
[SourceDate "2008.09.15"]

1. d4 d5 2. c4 c6 3. Nf3 Nf6 4. Nc3 e6 5. cxd5 exd5 6. Bg5 Nbd7 7. e3 Qa5 8.
Nd2 Bb4 9. Qc2 O-O 10. Bd3 Re8 11. O-O Qc7 12. Bf4 Bd6 13. Nb5 cxb5 14. Qxc7
Bxc7 15. Bxc7 a6 16. Rac1 Ne4 17. Nb3 Ndf6 18. Rc2 Re6 19. Rfc1 Ne8 20. Be5
N4d6 21. Nc5 Re7 22. Be2 Bf5 23. Nd3 f6 24. Bxd6 Nxd6 25. Rc5 Be4 26. Nf4 Rd7
27. Nxd5 Bxd5 28. Rxd5 b6 29. Rc6 Rad8 30. Bg4 f5 31. Bxf5 Nxf5 32. Rxf5 Re7
33. g3 1-0

[Event "Europa ch s-18 femenino"]
[Site "Herceg Novi MNT"]
[Date "2008.09.17"]
[Round "3.27"]
[White "Aggeli, Eleni"]
[Black "Asgarova, Turan Nizami Qizi"]
[Result "1/2-1/2"]
[WhiteElo "1856"]
[BlackElo "2008"]
[PlyCount "49"]
[EventDate "2008.09.15"]
[EventType "swiss"]
[EventRounds "9"]
[Source "lmi"]
[SourceDate "2008.09.15"]

1. e4 c6 2. d4 d5 3. exd5 cxd5 4. Bd3 Nc6 5. c3 g6 6. Bf4 Bg7 7. Nf3 Nf6 8. O-O
O-O 9. h3 Bf5 10. Bxf5 gxf5 11. Ne5 Kh8 12. Nd2 Nxe5 13. Bxe5 Rg8 14. Kh1 e6
15. Nf3 Ne4 16. Bxg7+ Rxg7 17. Ne5 Qg5 18. g3 Qh6 19. Kh2 f6 20. Nd3 Qg5 21.
Rg1 Rag8 22. Qf3 Rg6 23. Nf4 Rh6 24. Nxe6 Qg6 25. Nf4 1/2-1/2

[Event "Europa ch s-18 femenino"]
[Site "Herceg Novi MNT"]
[Date "2008.09.18"]
[Round "4.1"]
[White "Demidowicz, Maria"]
[Black "Girya, Olga"]
[Result "0-1"]
[WhiteElo "2032"]
[BlackElo "2350"]
[PlyCount "60"]
[EventDate "2008.09.15"]
[EventType "swiss"]
[EventRounds "9"]
[Source "lmi"]
[SourceDate "2008.09.15"]

1. e4 c5 2. Nf3 Nc6 3. d4 cxd4 4. Nxd4 e5 5. Nb5 d6 6. N1c3 a6 7. Na3 b5 8. Nd5
Nge7 9. c4 Nd4 10. cxb5 Nxd5 11. exd5 Be7 12. Bd3 O-O 13. O-O f5 14. Be3 Nxb5
15. Nxb5 axb5 16. f4 exf4 17. Bxf4 Bf6 18. Qb3 Qb6+ 19. Kh1 Bd7 20. Rae1 Rfe8
21. Qb4 Rxe1 22. Qxe1 Qd4 23. Qg3 Rxa2 24. Bxd6 Rxb2 25. Ba3 Rd2 26. Qd6 h6 27.
Bxb5 Bxb5 28. Qb8+ Kh7 29. Qxb5 Qe4 30. Rg1 Bd4 0-1

[Event "Europa ch s-18 femenino"]
[Site "Herceg Novi MNT"]
[Date "2008.09.18"]
[Round "4.2"]
[White "Ozturk, Kubra"]
[Black "Guadamuro Torrente, Anabel"]
[Result "1-0"]
[WhiteElo "2188"]
[BlackElo "2105"]
[PlyCount "81"]
[EventDate "2008.09.15"]
[EventType "swiss"]
[EventRounds "9"]
[Source "lmi"]
[SourceDate "2008.09.15"]

1. d4 d5 2. c4 c6 3. Nf3 Nf6 4. Nbd2 Bg4 5. Ne5 Bf5 6. Qb3 Qb6 7. c5 Qxb3 8.
axb3 Nbd7 9. Ndf3 Nxe5 10. Nxe5 Nd7 11. Bf4 Nxe5 12. Bxe5 f6 13. Bg3 e5 14. e3
Kd7 15. Kd2 h5 16. h4 Be7 17. b4 exd4 18. exd4 a6 19. Be2 Rae8 20. Bf3 Bg4 21.
b5 axb5 22. Ra7 Kc8 23. Re1 Bxf3 24. gxf3 Bd8 25. Rg1 Rhg8 26. b4 g5 27. hxg5
fxg5 28. Ra8+ Kd7 29. Rb8 Ke6 30. Rxb7 Kf6 31. Be5+ Kg6 32. Ra1 Bf6 33. Bxf6
Kxf6 34. Rh7 Kg6 35. Rd7 Rd8 36. Re7 Rge8 37. Rc7 Rc8 38. Rd7 h4 39. Rg1 Kf5
40. Rg7 Rg8 41. R1xg5+ 1-0

[Event "Europa ch s-18 femenino"]
[Site "Herceg Novi MNT"]
[Date "2008.09.18"]
[Round "4.4"]
[White "Pavlidou, Ekaterini"]
[Black "Fuchs, Judith"]
[Result "1/2-1/2"]
[WhiteElo "2034"]
[BlackElo "2197"]
[PlyCount "108"]
[EventDate "2008.09.15"]
[EventType "swiss"]
[EventRounds "9"]
[Source "lmi"]
[SourceDate "2008.09.15"]

1. d4 Nf6 2. c4 e6 3. Nc3 Bb4 4. Qc2 O-O 5. a3 Bxc3+ 6. Qxc3 Ne4 7. Qc2 f5 8.
e3 b6 9. Bd3 Bb7 10. Nf3 d6 11. O-O Nd7 12. Ne1 Qh4 13. f3 Ng5 14. b4 c5 15.
bxc5 bxc5 16. Rb1 Bc6 17. d5 exd5 18. cxd5 Bxd5 19. Bxf5 Be6 20. Bxe6+ Nxe6 21.
Rb7 Nb6 22. Bb2 Qg5 23. Qe4 Rfe8 24. f4 Qd5 25. Qxd5 Nxd5 26. f5 Nec7 27. Nd3
Reb8 28. Rxb8+ Rxb8 29. e4 c4 30. exd5 cxd3 31. Bd4 Nxd5 32. Rd1 Rb3 33. a4 Nc3
34. Bxc3 Rxc3 35. Kf2 Kf7 36. Ke3 Kf6 37. g4 h5 38. gxh5 Kxf5 39. Rg1 Ra3 40.
Rxg7 Rxa4 41. Kxd3 Kf6 42. Rg6+ Ke5 43. Rg5+ Ke6 44. Rg6+ Kd5 45. Rg5+ Kc6 46.
Rg8 Rh4 47. Ra8 Rxh5 48. Rxa7 Rxh2 49. Ra6+ Kd5 50. Ra5+ Ke6 51. Rg5 Rh3+ 52.
Kd4 Rh4+ 53. Kd3 d5 54. Rg8 Kd6 1/2-1/2

[Event "Europa ch s-18 femenino"]
[Site "Herceg Novi MNT"]
[Date "2008.09.18"]
[Round "4.5"]
[White "Kasperek, Joanna"]
[Black "Danelia, Mariam"]
[Result "1/2-1/2"]
[WhiteElo "2041"]
[BlackElo "2185"]
[PlyCount "73"]
[EventDate "2008.09.15"]
[EventType "swiss"]
[EventRounds "9"]
[Source "lmi"]
[SourceDate "2008.09.15"]

1. e4 c5 2. Nf3 d6 3. d4 cxd4 4. Nxd4 Nf6 5. Nc3 a6 6. f4 e5 7. Nf3 Nbd7 8. a4
Qc7 9. Bd3 Be7 10. O-O exf4 11. Kh1 Ne5 12. Bxf4 Bg4 13. Be2 h5 14. Bg5 Nxf3
15. Bxf3 Be6 16. Qd2 Rc8 17. Rac1 O-O 18. Nd5 Nxd5 19. exd5 Bg4 20. c4 Rfe8 21.
b3 Bxg5 22. Qxg5 Re5 23. Qf4 Bxf3 24. Qxf3 Qe7 25. h3 a5 26. Qf2 Re2 27. Rfe1
Rxe1+ 28. Rxe1 Qd7 29. Qf3 h4 30. Re4 Re8 31. Rxh4 Re1+ 32. Kh2 Qe7 33. Qh5 f6
34. Qh7+ Kf7 35. Qh5+ Kg8 36. Qh7+ Kf7 37. Qh5+ 1/2-1/2

[Event "Europa ch s-18 femenino"]
[Site "Herceg Novi MNT"]
[Date "2008.09.18"]
[Round "4.6"]
[White "Nemcova, Katerina"]
[Black "Chierici, Marianna"]
[Result "1-0"]
[WhiteElo "2372"]
[BlackElo "2037"]
[PlyCount "141"]
[EventDate "2008.09.15"]
[EventType "swiss"]
[EventRounds "9"]
[Source "lmi"]
[SourceDate "2008.09.15"]

1. e4 c5 2. Nf3 Nc6 3. d4 cxd4 4. Nxd4 e5 5. Nb5 d6 6. N1c3 a6 7. Na3 Be6 8.
Nc4 Be7 9. Be3 b5 10. Nb6 Rb8 11. Nbd5 Nf6 12. a4 bxa4 13. Bxa6 Rxb2 14. O-O
O-O 15. Nxa4 Rb8 16. Bb6 Qd7 17. Bb5 Rfc8 18. Nb4 Nxe4 19. Nxc6 Rxc6 20. f3 Nf6
21. Bxc6 Qxc6 22. Bf2 Rb4 23. c3 Rb8 24. Qd2 Nd5 25. Nb2 Qxc3 26. Qxc3 Nxc3 27.
Na4 Ne2+ 28. Kh1 Nf4 29. Rab1 Rxb1 30. Rxb1 h6 31. Nc3 Nd3 32. Ba7 f5 33. Rb7
Kf7 34. Bb8 Nc5 35. Ra7 Kf6 36. Nb5 e4 37. Rxe7 Kxe7 38. Bxd6+ Kd7 39. Bxc5
exf3 40. gxf3 Bd5 41. Nd4 Ke8 42. Nxf5 Bxf3+ 43. Kg1 Kf7 44. Bd4 Bg4 45. Nxg7
Kg6 46. Ne8 Kf5 47. Kf2 Bd1 48. Kg3 Be2 49. Be3 Kg6 50. Kh4 Bf1 51. Bd4 Bd3 52.
Nf6 Be2 53. Ng4 Bb5 54. Be3 h5 55. Nf2 Be2 56. Nh3 Bf3 57. Nf4+ Kh6 58. Nd3+
Kg7 59. Kg5 Be2 60. Nf4 Bf3 61. Nxh5+ Kf7 62. Bd4 Be2 63. h4 Bd1 64. Ng3 Ke6
65. Nf5 Bc2 66. Nh6 Bd1 67. Ng4 Bc2 68. Ne3 Be4 69. h5 Bh7 70. Kh6 Be4 71. Kg7
1-0

[Event "Europa ch s-18 femenino"]
[Site "Herceg Novi MNT"]
[Date "2008.09.18"]
[Round "4.7"]
[White "Mareckova, Martina"]
[Black "Mader, Manuela"]
[Result "1/2-1/2"]
[WhiteElo "2042"]
[BlackElo "2155"]
[PlyCount "180"]
[EventDate "2008.09.15"]
[EventType "swiss"]
[EventRounds "9"]
[Source "lmi"]
[SourceDate "2008.09.15"]

1. e4 c6 2. d4 d5 3. Nd2 dxe4 4. Nxe4 Bf5 5. Ng3 Bg6 6. h4 h6 7. Nf3 Nd7 8. Bd3
Bxd3 9. Qxd3 e6 10. Bd2 Ngf6 11. O-O-O Be7 12. Ne4 O-O 13. Kb1 Qb6 14. Nxf6+
Nxf6 15. Qb3 Qc7 16. g4 Nxg4 17. Rhg1 h5 18. Ne5 Nxe5 19. dxe5 g6 20. a3 Rad8
21. f4 Kh7 22. Qe3 Qb6 23. Qg3 Rg8 24. Be3 Bc5 25. Bxc5 Qxc5 26. Qg5 Rd5 27.
Qf6 Rg7 28. Rge1 b5 29. Rxd5 cxd5 30. Rd1 Qc7 31. Rd3 Rg8 32. Rc3 Qd7 33. Qg5
Rb8 34. Qg1 Qe7 35. Qg5 Rb7 36. Rb3 Qxg5 37. fxg5 a5 38. a4 b4 39. Rd3 Rc7 40.
b3 Kg7 41. Kc1 Kf8 42. Kd2 Ke8 43. Rd4 Rc5 44. Kd1 Kd8 45. Kd2 Kc8 46. Kd1 Kb7
47. Kd2 Kb6 48. Rf4 Rc7 49. Kd3 Rc3+ 50. Kd2 Kc5 51. Rxf7 Kd4 52. Rf6 Kxe5 53.
Rxg6 Rh3 54. Rh6 Rxh4 55. g6 Rh2+ 56. Kd3 Rh3+ 57. Kd2 h4 58. g7 Rg3 59. Rxh4
Rxg7 60. Rh3 Kd4 61. Rh4+ Kc5 62. Rh8 e5 63. Ra8 Kd4 64. Rxa5 e4 65. Ra8 Rg2+
66. Kc1 Rg1+ 67. Kb2 e3 68. Re8 Rg4 69. Kc1 Rg3 70. Re7 Kc5 71. a5 d4 72. a6
Rg6 73. a7 Ra6 74. Kd1 Kd6 75. Rb7 Ke5 76. Ke2 Ra2 77. Kd3 Kd5 78. Rd7+ Kc5 79.
Rxd4 Rxa7 80. Rc4+ Kb5 81. Kxe3 Re7+ 82. Kd3 Rd7+ 83. Ke4 Rd2 84. Ke3 Rd7 85.
Rd4 Rc7 86. Kd2 Rc6 87. Rd3 Rc7 88. c4+ bxc3+ 89. Rxc3 Rh7 90. Rd3 Rh4 1/2-1/2

[Event "Europa ch s-18 femenino"]
[Site "Herceg Novi MNT"]
[Date "2008.09.18"]
[Round "4.8"]
[White "Ni, Viktorija"]
[Black "Wierzbicka, Wiktoria"]
[Result "0-1"]
[WhiteElo "2129"]
[BlackElo "2033"]
[PlyCount "82"]
[EventDate "2008.09.15"]
[EventType "swiss"]
[EventRounds "9"]
[Source "lmi"]
[SourceDate "2008.09.15"]

1. d4 d5 2. c4 c6 3. e3 Nf6 4. Qc2 e6 5. Nc3 Nbd7 6. Nf3 Bd6 7. Bd3 O-O 8. cxd5
exd5 9. O-O Re8 10. Bd2 Nf8 11. h3 Qe7 12. a3 Ne4 13. b4 Ng6 14. Be1 Bf5 15.
Nd2 Nh4 16. g4 Nxd2 17. Bxd2 Be4 18. f4 Nf3+ 19. Rxf3 Bxf3 20. Bxh7+ Kh8 21.
Rf1 Qh4 22. Rxf3 Qxh7 23. f5 Qh4 24. f6 Re6 25. fxg7+ Kxg7 26. e4 dxe4 27. Nxe4
Rae8 28. Nf2 Rf6 29. Rxf6 Qxf6 30. Qd3 Kg8 31. g5 Qg6 32. Qxg6+ fxg6 33. Kf1
Kf7 34. Bc1 Bg3 35. Nd3 Re4 36. Kg2 Rxd4 37. Nc5 b6 38. Kxg3 bxc5 39. bxc5 Rc4
40. Be3 Rc3 41. Kf3 Rxa3 0-1

[Event "Europa ch s-18 femenino"]
[Site "Herceg Novi MNT"]
[Date "2008.09.18"]
[Round "4.9"]
[White "Dudas, Eszter"]
[Black "Hortensius, Lisa"]
[Result "0-1"]
[WhiteElo "2108"]
[BlackElo "2028"]
[PlyCount "96"]
[EventDate "2008.09.15"]
[EventType "swiss"]
[EventRounds "9"]
[Source "lmi"]
[SourceDate "2008.09.15"]

1. e4 e6 2. Qe2 d5 3. exd5 Qxd5 4. Nc3 Qd8 5. Nf3 Nf6 6. d4 Be7 7. Be3 b6 8.
Qd2 Bb7 9. Bd3 O-O 10. O-O-O Nbd7 11. Qe2 Qc8 12. Rhg1 c5 13. Ne5 Nxe5 14. dxe5
Nd5 15. Bd2 Nb4 16. Be4 Bxe4 17. Qxe4 Qc6 18. Qg4 Kh8 19. f4 b5 20. Qe2 a6 21.
g4 Nd5 22. Nxd5 Qxd5 23. Kb1 Qc6 24. Rg3 c4 25. f5 Rfd8 26. Rh3 Qd5 27. Qf3 Bg5
28. Qf2 Bxd2 29. f6 g6 30. Qh4 h6 31. a3 Qd4 32. Qg3 Qf4 33. Qg2 Ba5 34. Rf1
Qg5 35. Qb7 Rf8 36. Qe4 Rad8 37. Qb7 Ra8 38. Rd1 Kg8 39. Rg1 Qxe5 40. Rxh6 Qxf6
41. Rg3 Bd2 42. Rf3 Qg5 43. Rhh3 Qd5 44. Qc7 Bg5 45. Rf1 Rad8 46. Qa7 Qg2 47.
Rhf3 Rd1+ 48. Rxd1 Qxf3 0-1

[Event "Europa ch s-18 femenino"]
[Site "Herceg Novi MNT"]
[Date "2008.09.18"]
[Round "4.10"]
[White "Nowak, Malgorzata"]
[Black "Manyoki, Anna"]
[Result "1/2-1/2"]
[WhiteElo "2052"]
[BlackElo "2053"]
[PlyCount "56"]
[EventDate "2008.09.15"]
[EventType "swiss"]
[EventRounds "9"]
[Source "lmi"]
[SourceDate "2008.09.15"]

1. d4 d5 2. c4 dxc4 3. Nf3 Nf6 4. Qa4+ Nbd7 5. Qxc4 e6 6. Nc3 a6 7. a4 c5 8. e3
Nb6 9. Qb3 cxd4 10. exd4 Nbd5 11. Be2 Be7 12. O-O O-O 13. Ne5 Ne8 14. Bf3 Nec7
15. Rd1 Nb4 16. Ne4 Ncd5 17. Bd2 Rb8 18. Rac1 b6 19. Bxb4 Nxb4 20. Rc4 a5 21.
Rxb4 Bxb4 22. Nc6 Qc7 23. Nxb8 Qxb8 24. d5 exd5 25. Qxd5 Bb7 26. Qxb7 Qxb7 27.
Nf6+ gxf6 28. Bxb7 Re8 1/2-1/2

[Event "Europa ch s-18 femenino"]
[Site "Herceg Novi MNT"]
[Date "2008.09.18"]
[Round "4.11"]
[White "Rakic, Marija"]
[Black "Vladimirova, Maria"]
[Result "1-0"]
[WhiteElo "2276"]
[BlackElo "2009"]
[PlyCount "97"]
[EventDate "2008.09.15"]
[EventType "swiss"]
[EventRounds "9"]
[Source "lmi"]
[SourceDate "2008.09.15"]

1. d4 Nf6 2. c4 e6 3. Nf3 c5 4. Nc3 cxd4 5. Nxd4 Bb4 6. Ndb5 d6 7. a3 Bxc3+ 8.
Nxc3 Qb6 9. Nb5 a6 10. Qxd6 Qxd6 11. Nxd6+ Ke7 12. Nxc8+ Rxc8 13. e3 Nc6 14. b3
Rd8 15. Be2 Na5 16. b4 Nb3 17. Rb1 Nxc1 18. Rxc1 a5 19. Bf3 axb4 20. axb4 Ra4
21. Rb1 Rc8 22. c5 Nd5 23. O-O Rxb4 24. Bxd5 Rxb1 25. Rxb1 exd5 26. Rxb7+ Ke6
27. Rb5 g5 28. Kf1 Ra8 29. Ke2 Ra2+ 30. Kf3 h5 31. Rb6+ Kf5 32. h4 f6 33. Rd6
Ke5 34. Rd8 gxh4 35. Re8+ Kf5 36. c6 Rc2 37. Rc8 Ke6 38. c7 Kf5 39. Rh8 Rxc7
40. Rxh5+ Ke6 41. Rxh4 Rc2 42. Ra4 Rb2 43. g4 Rc2 44. Kg3 Re2 45. Rd4 Re1 46.
Rd3 Ke5 47. f4+ Ke4 48. Kf2 Ra1 49. Rd4# 1-0

[Event "Europa ch s-18 femenino"]
[Site "Herceg Novi MNT"]
[Date "2008.09.18"]
[Round "4.12"]
[White "Traistaru, Teodora"]
[Black "Tonel, Giulia"]
[Result "1-0"]
[WhiteElo "2162"]
[BlackElo "1983"]
[PlyCount "59"]
[EventDate "2008.09.15"]
[EventType "swiss"]
[EventRounds "9"]
[Source "lmi"]
[SourceDate "2008.09.15"]

1. e4 c5 2. c3 Qa5 3. Na3 e6 4. e5 Nc6 5. Nf3 a6 6. Nc4 Qc7 7. a4 b6 8. d3 d5
9. exd6 Bxd6 10. Nxd6+ Qxd6 11. Be3 Nf6 12. d4 cxd4 13. Nxd4 O-O 14. Nf3 Qc7
15. Bd3 Bb7 16. O-O Ne7 17. Bd4 Ng6 18. Re1 Nd5 19. Qb3 a5 20. Ne5 Rab8 21.
Nxg6 hxg6 22. Be5 Qe7 23. Bxb8 Rxb8 24. Be4 Qg5 25. c4 Nb4 26. Bxb7 Rxb7 27.
Rad1 Rc7 28. Qf3 Qc5 29. Rd8+ Kh7 30. Re4 1-0

[Event "Europa ch s-18 femenino"]
[Site "Herceg Novi MNT"]
[Date "2008.09.18"]
[Round "4.13"]
[White "Braggaar, Leonore"]
[Black "Zhorzholiani, Meri"]
[Result "1/2-1/2"]
[WhiteElo "1967"]
[BlackElo "2136"]
[PlyCount "83"]
[EventDate "2008.09.15"]
[EventType "swiss"]
[EventRounds "9"]
[Source "lmi"]
[SourceDate "2008.09.15"]

1. e4 c5 2. Nf3 d6 3. d4 cxd4 4. Nxd4 Nf6 5. Nc3 Nc6 6. Be2 Nxd4 7. Qxd4 g6 8.
O-O Bg7 9. Bg5 O-O 10. Qd2 Be6 11. Rfe1 Qa5 12. Bf1 Rfe8 13. Rad1 Rac8 14. Nd5
Qxd2 15. Rxd2 Bxd5 16. exd5 h6 17. Bh4 g5 18. Bg3 Kf8 19. c4 Nh5 20. Bd3 Nxg3
21. hxg3 Be5 22. Rc2 Bf6 23. Bf5 Rc7 24. b4 b6 25. Kf1 Kg7 26. Re3 a5 27. a3
axb4 28. axb4 Ra8 29. Ke2 Ra1 30. Rb3 Rca7 31. c5 bxc5 32. bxc5 dxc5 33. Rxc5
R7a2+ 34. Rc2 Bd4 35. f4 Rxc2+ 36. Bxc2 Rg1 37. Be4 f5 38. Bxf5 Rxg2+ 39. Kf3
Rf2+ 40. Ke4 Bc5 41. fxg5 hxg5 42. Be6 1/2-1/2

[Event "Europa ch s-18 femenino"]
[Site "Herceg Novi MNT"]
[Date "2008.09.18"]
[Round "4.14"]
[White "Tsirulnik, Maritsa"]
[Black "Dirksen, Marieke"]
[Result "1-0"]
[WhiteElo "2110"]
[BlackElo "1933"]
[PlyCount "107"]
[EventDate "2008.09.15"]
[EventType "swiss"]
[EventRounds "9"]
[Source "lmi"]
[SourceDate "2008.09.15"]

1. e4 c5 2. Nf3 d6 3. d4 cxd4 4. Nxd4 Nf6 5. Nc3 a6 6. Be2 e5 7. Nb3 Be7 8. O-O
O-O 9. Be3 Be6 10. Qd2 Nbd7 11. f3 Nb6 12. Kh1 Rc8 13. a4 d5 14. Bxb6 Qxb6 15.
Nxd5 Nxd5 16. exd5 Rfd8 17. a5 Qc7 18. c4 b5 19. axb6 Qxb6 20. Qd3 Bd7 21. Rfc1
Rb8 22. Rc3 Qh6 23. Bf1 Rb4 24. Qc2 Ba4 25. Qd3 Bxb3 26. Rxb3 Qb6 27. Rxb4 Bxb4
28. Qe4 Bd6 29. Rb1 a5 30. b3 Qf2 31. Bd3 g6 32. Qe1 Qxe1+ 33. Rxe1 f5 34. Kg1
Kf8 35. Kf1 Rd7 36. Ra1 Bb4 37. Ke2 Ke7 38. g4 f4 39. g5 Kd6 40. h4 Ke7 41. h5
Kf7 42. Be4 Kg7 43. Kd3 Ra7 44. Ra2 Be7 45. h6+ Kf7 46. Ra4 Bb4 47. Rxb4 axb4
48. c5 Ke8 49. Kc4 Rb7 50. d6 Ra7 51. c6 Kd8 52. Kd5 Ra3 53. Bxg6 Rxb3 54. Bf5
1-0